000 00577nam a2200181Ia 4500
008 090630s9999 xx 000 0 und d
082 _b15183
100 _aपाटील देवदत्त.
245 _aरानभूल.
_cपाटील देवदत्त.
260 _bसुकृत - सांगली.
300 _a0
600 _aपाटील देवदत्त.
630 _aरानभूल.
655 _aकादंबरी.
700 _aपाटील देवदत्त.
730 _aरानभूल.
942 _cBOOK
999 _c267039
_d267039